[Event "Bad Woerishofen op"]
[Site "?"]
[Date "2003.??.??"]
[Round "7"]
[White "Buchner, Rudolf"]
[Black "Otterstaetter, Stefan"]
[Result "1-0"]
[WhiteElo "2301"]
[BlackElo "2165"]
[Annotator "ChessOrg"]
[PlyCount "113"]

1. e4 c5 2. Nf3 Nf6 3. Nc3 Nc6 4. d4 d5 5. exd5 Nxd5 6. Bc4 Nxc3 7. bxc3 e6 8.
O-O Be7 9. Be3 Qc7 10. Qe2 cxd4 11. cxd4 Bd7 12. Rab1 Rc8 13. Rfd1 Nb4 14. Bb3
Nd5 15. Bxd5 exd5 16. Bg5 f6 17. Re1 Bc6 18. Bf4 Qd7 19. Rb3 Kf7 20. Re3 Rhe8
21. Nh4 g6 22. Qf3 Kg7 23. g4 Bb4 24. c3 Rxe3 25. Rxe3 Bd6 26. Bxd6 Qxd6 27.
Qe2 Rf8 28. Nf3 Bd7 29. h3 Qf4 30. Ne1 Qd6 31. Kg2 Kf7 32. Nd3 b6 33. Qf3 Kg7
34. Nb4 Be6 35. Qe2 Kf7 36. f4 Bd7 37. Qf3 Re8 38. Re5 Rxe5 39. fxe5 Qe6 40.
Kg3 f5 41. a3 a5 42. Nd3 Qc6 43. Nf4 g5 44. Qxd5+ Ke7 45. Qxc6 gxf4+ 46. Kxf4
Bxc6 47. gxf5 h6 48. c4 Bg2 49. h4 Bf1 50. c5 b5 51. d5 b4 52. d6+ Kd8 53. axb4
a4 54. e6 Bc4 55. b5 Bxb5 56. f6 Ke8 57. f7+ 1-0

[Event "Bad Woerishofen op"]
[Site "?"]
[Date "2003.??.??"]
[Round "7"]
[White "Teich, Udo"]
[Black "Pfrommer, Christoph"]
[Result "0-1"]
[WhiteElo "2104"]
[BlackElo "2290"]
[Annotator "ChessOrg"]
[PlyCount "112"]

1. d4 Nf6 2. Nf3 g6 3. g3 Bg7 4. Bg2 O-O 5. O-O d6 6. c4 Nc6 7. Nc3 a6 8. h3 e5
9. dxe5 dxe5 10. Qxd8 Rxd8 11. Bg5 Be6 12. b3 h6 13. Bxf6 Bxf6 14. Rad1 Rxd1
15. Rxd1 Rd8 16. Rxd8+ Bxd8 17. Nd2 Bd7 18. e3 Kg7 19. h4 f5 20. Kf1 e4 21. f3
exf3 22. Bxf3 b6 23. Nd5 Ne5 24. Bg2 c6 25. Nf4 g5 26. hxg5 hxg5 27. Nh3 Nd3
28. e4 Nc1 29. Nf2 Bc7 30. exf5 Bxg3 31. Be4 Nxa2 32. Ng4 Nc3 33. Bc2 b5 34.
cxb5 cxb5 35. Nf3 Bf4 36. Nfe5 Bxe5 37. Nxe5 Be8 38. Kf2 Nd5 39. Kf3 Nb4 40.
Be4 Bf7 41. Nxf7 Kxf7 42. Ke3 Kf6 43. Kd4 g4 44. Kc3 a5 45. Kd4 a4 46. bxa4
bxa4 47. Kc4 a3 48. Kb3 a2 49. Kb2 g3 50. Ka1 Ke5 51. Bg2 Kxf5 52. Kb2 Kf4 53.
Ka1 Ke3 54. Kb2 Kf2 55. Bh3 Nd3+ 56. Kxa2 Nf4 0-1

[Event "Bad Woerishofen op"]
[Site "?"]
[Date "2003.??.??"]
[Round "7"]
[White "Holscher, Peter"]
[Black "Loew, Gerald"]
[Result "0-1"]
[WhiteElo "2090"]
[BlackElo "2270"]
[Annotator "ChessOrg"]
[PlyCount "64"]

1. d4 Nf6 2. Nf3 e6 3. c4 Bb4+ 4. Bd2 Qe7 5. a3 Bxd2+ 6. Qxd2 b6 7. Nc3 Bb7 8.
e3 O-O 9. Be2 d5 10. cxd5 exd5 11. O-O Nbd7 12. Rac1 a5 13. Qc2 Rfc8 14. Qf5 c6
15. Bd3 Re8 16. h3 g6 17. Qg5 Ne4 18. Qxe7 Rxe7 19. Bxe4 dxe4 20. Nd2 c5 21.
Rfe1 f5 22. a4 cxd4 23. exd4 Rc8 24. Nb5 Rxc1 25. Rxc1 Nf6 26. Nc4 Nd5 27. Ncd6
Ba6 28. Rc6 f4 29. Nc8 Bxc8 30. Rxc8+ Kg7 31. Rd8 e3 32. fxe3 fxe3 0-1

[Event "Bad Woerishofen op"]
[Site "?"]
[Date "2003.??.??"]
[Round "7"]
[White "Lotsov, Har-Zahar"]
[Black "Medancic, Rikard"]
[Result "1/2-1/2"]
[WhiteElo "2039"]
[BlackElo "2268"]
[Annotator "ChessOrg"]
[PlyCount "70"]

1. e4 e5 2. Nf3 d6 3. d4 exd4 4. Nxd4 Nf6 5. Nc3 Be7 6. f3 c6 7. Be3 b5 8. Qd2
b4 9. Nd1 d5 10. e5 Nfd7 11. f4 Nc5 12. Nf2 a5 13. Be2 O-O 14. O-O f5 15. exf6
Rxf6 16. Bf3 Kh8 17. Rfe1 Qd6 18. Nb3 Nbd7 19. g3 Rf8 20. Nxc5 Nxc5 21. Bd4 Bf6
22. Kg2 Bxd4 23. Qxd4 Ne6 24. Qe5 Qxe5 25. Rxe5 Nd4 26. Bd1 Bb7 27. c3 bxc3 28.
bxc3 Nb5 29. Rc1 Nd6 30. Nd3 Bc8 31. Ba4 Bf5 32. Nc5 Rac8 33. Bc2 Bxc2 34. Rxc2
h6 35. Re6 Rfd8 1/2-1/2

[Event "Bad Woerishofen op"]
[Site "?"]
[Date "2003.??.??"]
[Round "7"]
[White "Eschle, Hubert"]
[Black "Poulsen, Martin"]
[Result "0-1"]
[WhiteElo "1969"]
[BlackElo "2244"]
[Annotator "ChessOrg"]
[PlyCount "34"]

1. e4 e6 2. f4 d5 3. e5 c5 4. c3 Nc6 5. Nf3 Nge7 6. d4 cxd4 7. cxd4 Nf5 8. Bb5
Bd7 9. Bxc6 bxc6 10. Bd2 c5 11. Bc3 cxd4 12. Nxd4 Qh4+ 13. g3 Nxg3 14. Nf3 Qh3
15. Rg1 Nf5 16. Nbd2 Bc5 17. Rh1 Qg2 0-1

[Event "Bad Woerishofen op"]
[Site "?"]
[Date "2003.??.??"]
[Round "7"]
[White "Kunz, Konstantin"]
[Black "Schmitzer, Peter"]
[Result "1-0"]
[WhiteElo "2236"]
[BlackElo "2089"]
[Annotator "ChessOrg"]
[PlyCount "87"]

1. d4 Nf6 2. c4 e5 3. e3 Bb4+ 4. Bd2 Bxd2+ 5. Qxd2 exd4 6. exd4 Ne4 7. Qc2 O-O
8. Bd3 f5 9. Ne2 c6 10. Nbc3 d5 11. cxd5 cxd5 12. Nxd5 Nc6 13. O-O Be6 14. Ndf4
Bf7 15. Bxe4 fxe4 16. Qxe4 Qb6 17. b3 Rae8 18. Qd3 Nb4 19. Qd2 Nd5 20. Nxd5
Bxd5 21. Ng3 Qg6 22. Rae1 h5 23. Re5 Rxe5 24. dxe5 Bc6 25. h4 Qg4 26. b4 a6 27.
a4 Qxh4 28. b5 axb5 29. axb5 Rd8 30. Qa5 Be8 31. Nf5 Qg5 32. f4 Qxf5 33. Qxd8
Qe6 34. Qd6 Qc4 35. b6 Bb5 36. Rf2 Bc6 37. Qd8+ Kh7 38. Qd2 g6 39. Kh2 h4 40.
Qe3 Bd7 41. Rd2 Bf5 42. Qf2 h3 43. Qh4+ Kg7 44. Rd8 1-0

[Event "Bad Woerishofen op"]
[Site "?"]
[Date "2003.??.??"]
[Round "7"]
[White "Meier, Volker"]
[Black "Oud, Niek"]
[Result "1-0"]
[WhiteElo "2294"]
[BlackElo "2123"]
[Annotator "ChessOrg"]
[PlyCount "35"]

1. e4 c5 2. Nf3 Nc6 3. Bb5 Nf6 4. Nc3 Nd4 5. e5 Nxb5 6. Nxb5 Nd5 7. O-O a6 8.
c4 Nb4 9. Nc3 Nd3 10. Qe2 Nxc1 11. Raxc1 g6 12. Ne4 Qb6 13. d4 cxd4 14. Nd6+
exd6 15. exd6+ Kd8 16. c5 Qb5 17. Qe5 Rg8 18. Qf6+ 1-0

[Event "Bad Woerishofen op"]
[Site "?"]
[Date "2003.??.??"]
[Round "7"]
[White "Minnebo, Alain"]
[Black "Pohl, Walter"]
[Result "1/2-1/2"]
[WhiteElo "2262"]
[BlackElo "2121"]
[Annotator "ChessOrg"]
[PlyCount "141"]

1. c4 e5 2. g3 Nc6 3. Bg2 g6 4. Nc3 Bg7 5. Nf3 d6 6. O-O f5 7. Rb1 a5 8. a3 Nf6
9. d4 e4 10. Ng5 O-O 11. f3 h6 12. Nh3 exf3 13. Bxf3 g5 14. Nf2 Bd7 15. e3 Be8
16. Nd3 Bg6 17. Bg2 Qd7 18. b4 axb4 19. axb4 Ne4 20. Nxe4 fxe4 21. Nf2 Rae8 22.
Rb3 d5 23. c5 h5 24. Bd2 Nd8 25. b5 g4 26. Qc2 Bf5 27. c6 bxc6 28. Rc1 h4 29.
bxc6 Qe6 30. Ba5 Rf7 31. Qc3 hxg3 32. hxg3 Qd6 33. Nh1 Qh6 34. Rb2 Bf6 35. Rf2
Bg5 36. Re2 Re6 37. Qe1 Ref6 38. Bd2 Rh7 39. Rf2 Qh2+ 40. Kf1 Qxh1+ 41. Bxh1
Rxh1+ 42. Kg2 Rxe1 43. Rxe1 Kf7 44. Ba5 Ne6 45. Rb2 Nd8 46. Rb5 Be6 47. Bxc7
Nxc6 48. Bf4 Bxf4 49. gxf4 Nxd4 50. exd4 Rxf4 51. Rf1 Rf3 52. Rf2 Rxf2+ 53.
Kxf2 Kf6 54. Rb6 Kf5 55. Rb3 Kf4 56. Ra3 Bd7 57. Ra7 e3+ 58. Ke1 Bb5 59. Re7 g3
60. Rf7+ Ke4 61. Rg7 Kxd4 62. Rxg3 Bc4 63. Rg7 Kd3 64. Re7 d4 65. Kd1 Kc3 66.
Re8 e2+ 67. Ke1 Ba6 68. Re7 Bb5 69. Rc7+ Bc4 70. Rd7 Be6 71. Rxd4 1/2-1/2

[Event "Bad Woerishofen op"]
[Site "?"]
[Date "2003.??.??"]
[Round "7"]
[White "Pflug, Mathias"]
[Black "Schenk, Uwe"]
[Result "1/2-1/2"]
[WhiteElo "2241"]
[BlackElo "2116"]
[Annotator "ChessOrg"]
[PlyCount "90"]

1. e4 Nf6 2. e5 Nd5 3. c4 Nb6 4. d4 d6 5. exd6 exd6 6. Nc3 Be7 7. h3 O-O 8. Nf3
Bf6 9. Be2 Re8 10. O-O Nc6 11. Be3 h6 12. Rc1 Bf5 13. b3 d5 14. c5 Nc8 15. b4
a6 16. Qb3 N8e7 17. Rfd1 Qd7 18. Nh2 g5 19. a4 Bg7 20. b5 axb5 21. axb5 Na5 22.
Qb4 Be6 23. f4 Nf5 24. Bf2 gxf4 25. Ra1 b6 26. Na4 Qe7 27. Qc3 Nc4 28. Bxc4
dxc4 29. cxb6 cxb6 30. Nxb6 Rab8 31. Ra6 Qc7 32. Qa5 c3 33. Nf3 c2 34. Rc1 Red8
35. Na4 Qc4 36. Rc6 Qxb5 37. Qxb5 Rxb5 38. R1xc2 Nxd4 39. Nxd4 Bxd4 40. Bxd4
Rxd4 41. Nc5 Rb1+ 42. Kf2 Bf5 43. Ra2 Kg7 44. Rca6 Rc4 45. R6a5 Kg6 1/2-1/2

[Event "Bad Woerishofen op"]
[Site "?"]
[Date "2003.??.??"]
[Round "7"]
[White "Hoennekes, Klaus"]
[Black "Babar, Frank"]
[Result "0-1"]
[WhiteElo "2089"]
[BlackElo "2240"]
[Annotator "ChessOrg"]
[PlyCount "88"]

1. e4 c5 2. Nc3 e6 3. g3 b6 4. Bg2 Bb7 5. d3 a6 6. f4 Nf6 7. Nf3 d6 8. O-O Nc6
9. Re1 Qc7 10. Kh1 h5 11. h3 O-O-O 12. a4 Nd4 13. Nxd4 cxd4 14. Ne2 e5 15. Bd2
h4 16. g4 Qd7 17. f5 d5 18. Ng1 Bd6 19. Bg5 Be7 20. Bxf6 Bxf6 21. exd5 Rhe8 22.
Be4 Bg5 23. Nf3 Bf4 24. Nd2 Bxd5 25. Bxd5 Bxd2 26. Qxd2 Qxd5+ 27. Qg2 f6 28. b3
Re7 29. Rad1 Rc7 30. Re2 Rc3 31. Rdd2 Kc7 32. Qxd5 Rxd5 33. Kg2 Kc6 34. Kf3 b5
35. axb5+ Rxb5 36. Ke4 Ra5 37. g5 Ra1 38. gxf6 gxf6 39. Rg2 Rf1 40. Rdf2 Re1+
41. Re2 Rxc2 42. Rxe1 Rxg2 43. Rc1+ Kd6 44. b4 Rf2 0-1

[Event "Bad Woerishofen op"]
[Site "?"]
[Date "2003.??.??"]
[Round "7"]
[White "Graf, Christian"]
[Black "Deues, Erik"]
[Result "1/2-1/2"]
[WhiteElo "2231"]
[BlackElo "2100"]
[Annotator "ChessOrg"]
[PlyCount "105"]

1. e4 c5 2. Nf3 Nc6 3. d4 cxd4 4. Nxd4 Nf6 5. Nc3 e5 6. Ndb5 d6 7. a4 a6 8. Na3
Be6 9. Bg5 Be7 10. Nc4 Nd4 11. Ne3 Rc8 12. Bd3 Ng8 13. Bxe7 Nxe7 14. O-O O-O
15. Ncd5 f5 16. c3 fxe4 17. Bxe4 Nxd5 18. Nxd5 Bf5 19. Bxf5 Nxf5 20. Qb3 Rf7
21. Ne3 Nh4 22. f4 e4 23. Qe6 Qe8 24. Qxe8+ Rxe8 25. Rad1 Ref8 26. Rxd6 Rxf4
27. Rxf4 Rxf4 28. Rd8+ Rf8 29. Rxf8+ Kxf8 30. Kf2 g6 31. Kg3 Nf5+ 32. Kf4 Nd6
33. Ke5 Ke7 34. Nd5+ Kd7 35. Nf6+ Kc6 36. Kd4 e3 37. Kxe3 Nc4+ 38. Kd4 Nxb2 39.
Nxh7 Nxa4 40. Nf8 g5 41. Nh7 g4 42. Nf6 Nc5 43. Nxg4 a5 44. c4 Ne6+ 45. Kc3 Nf4
46. Ne3 Kc5 47. h4 Ne2+ 48. Kd3 Ng3 49. Nc2 a4 50. Kc3 Ne4+ 51. Kd3 Ng3 52. Kc3
Ne4+ 53. Kd3 1/2-1/2

[Event "Bad Woerishofen op"]
[Site "?"]
[Date "2003.??.??"]
[Round "7"]
[White "Wallhof, Dieter"]
[Black "Hornung, Hans"]
[Result "0-1"]
[WhiteElo "2079"]
[BlackElo "2189"]
[Annotator "ChessOrg"]
[PlyCount "82"]

1. e4 d6 2. d4 g6 3. Nc3 Bg7 4. Nge2 c6 5. a4 Nf6 6. g3 O-O 7. Bg2 Nbd7 8. O-O
Qc7 9. h3 b6 10. Be3 Bb7 11. Qc1 a6 12. Bh6 e5 13. Bxg7 Kxg7 14. dxe5 dxe5 15.
g4 Nc5 16. Ng3 Ne6 17. Qe3 h6 18. Rfd1 Rad8 19. Nce2 Bc8 20. Nf1 c5 21. c3 c4
22. Qc1 Nc5 23. Qc2 Bb7 24. Neg3 Rd3 25. Rxd3 cxd3 26. Qd1 Rd8 27. Nd2 Ne6 28.
Qf3 Nf4 29. Bf1 Bc8 30. Kh2 Be6 31. Qd1 Qc5 32. Kg1 Nh7 33. Ra3 Ng5 34. Qe1
Ngxh3+ 35. Bxh3 Nxh3+ 36. Kg2 Bxg4 37. Qe3 Nf4+ 38. Kh2 Qe7 39. Ngf1 Qh4+ 40.
Kg1 Ne2+ 41. Kg2 Bh3+ 0-1

[Event "Bad Woerishofen op"]
[Site "?"]
[Date "2003.??.??"]
[Round "7"]
[White "Ballon, Guenter-Jan"]
[Black "Perman, Torvald"]
[Result "1/2-1/2"]
[WhiteElo "2219"]
[BlackElo "2083"]
[Annotator "ChessOrg"]
[PlyCount "66"]

1. d4 Nf6 2. c4 e6 3. Nc3 Bb4 4. f3 d5 5. a3 Bxc3+ 6. bxc3 c5 7. cxd5 exd5 8.
e3 O-O 9. Bd3 b6 10. Ne2 Ba6 11. Bxa6 Nxa6 12. O-O Qd7 13. Qd3 Nb8 14. Ng3 Nc6
15. Ra2 Rac8 16. Rd1 cxd4 17. cxd4 Na5 18. Re2 Rc4 19. e4 Rfc8 20. Bb2 Qa4 21.
Nf5 R4c7 22. e5 Ne8 23. Rde1 g6 24. Ne3 Qd7 25. Ng4 Qe6 26. Qb5 Rc2 27. Ne3
Rxe2 28. Rxe2 Nc7 29. Qb4 Nc4 30. Ng4 Ne8 31. Ne3 Nxe3 32. Rxe3 Rc4 33. Qe1 Nc7
1/2-1/2

[Event "Bad Woerishofen op"]
[Site "?"]
[Date "2003.??.??"]
[Round "7"]
[White "Tscharotschkin, Michael"]
[Black "Gerstner, Bernhard"]
[Result "1-0"]
[WhiteElo "2214"]
[BlackElo "2076"]
[Annotator "ChessOrg"]
[PlyCount "69"]

1. e4 e5 2. d4 exd4 3. Nf3 Nc6 4. c3 d5 5. exd5 Qxd5 6. cxd4 Bg4 7. Nc3 Bb4 8.
Be2 Bxf3 9. Bxf3 Qc4 10. Bxc6+ bxc6 11. Qe2+ Qxe2+ 12. Kxe2 O-O-O 13. Be3 Ne7
14. Rhd1 Rhe8 15. Kf3 h5 16. Rac1 Nf5 17. g3 Rd6 18. Rd3 Red8 19. Ne2 c5 20. a3
Rf6 21. Kg2 Nxe3+ 22. fxe3 c4 23. Rxc4 Be1 24. Nf4 g5 25. Nh3 h4 26. g4 Re8 27.
Rc1 Re4 28. Rxe1 Rxg4+ 29. Kh1 Rf3 30. Rg1 Rxg1+ 31. Nxg1 Rf2 32. b4 g4 33. e4
Kd7 34. h3 g3 35. Nf3 1-0

[Event "Bad Woerishofen op"]
[Site "?"]
[Date "2003.??.??"]
[Round "7"]
[White "Woerl, Richard"]
[Black "Bintakies, Michael"]
[Result "1/2-1/2"]
[WhiteElo "2087"]
[BlackElo "2209"]
[Annotator "ChessOrg"]
[PlyCount "61"]

1. e4 c6 2. d4 d5 3. exd5 cxd5 4. Nf3 Nf6 5. c3 Nc6 6. Bf4 g6 7. Bd3 Bg7 8. Na3
Bf5 9. Nc2 Bxd3 10. Qxd3 Nh5 11. Bg5 h6 12. Bd2 Qc7 13. g3 Rb8 14. Qe2 e6 15.
O-O O-O 16. Rae1 Rbc8 17. Ne3 Kh7 18. Nh4 Nf6 19. f4 Ne7 20. g4 Ne4 21. f5 gxf5
22. gxf5 Bf6 23. Nhg2 Bg5 24. Bc1 Rce8 25. Qh5 Ng8 26. Ng4 Ngf6 27. Nxf6+ Nxf6
28. Qh3 Bxc1 29. Rxc1 Ne4 30. Rf4 Qe7 31. Ne3 1/2-1/2

[Event "Bad Woerishofen op"]
[Site "?"]
[Date "2003.??.??"]
[Round "7"]
[White "Beckmann, Klaus"]
[Black "Neubauer, Ralf"]
[Result "0-1"]
[WhiteElo "2191"]
[BlackElo "2056"]
[Annotator "ChessOrg"]
[PlyCount "116"]

1. d4 d5 2. Bg5 c6 3. e3 Nd7 4. Nd2 Ngf6 5. Ngf3 e6 6. Bd3 Be7 7. O-O O-O 8. c3
Ne8 9. Bxe7 Qxe7 10. e4 dxe4 11. Nxe4 Nd6 12. Qe2 Re8 13. Rae1 Nxe4 14. Qxe4
Nf8 15. Ne5 Bd7 16. f4 Rad8 17. b4 Bc8 18. a4 f6 19. Nf3 Ng6 20. Nh4 Nf8 21.
Bc4 Kh8 22. Re3 Qf7 23. f5 Qh5 24. Rg3 exf5 25. Qf4 Be6 26. Be2 Qf7 27. Qd2 g6
28. Bd3 Bc4 29. Bxc4 Qxc4 30. Qh6 Qf7 31. a5 Re4 32. Rh3 Rde8 33. Qc1 Qe6 34.
Qh6 Rg4 35. Rhf3 Re4 36. Rh3 Qf7 37. Rhf3 Re1 38. g3 Rxf1+ 39. Rxf1 Re2 40. Ng2
Ne6 41. Nf4 Nxf4 42. Qxf4 Qe7 43. Rf3 Kg7 44. h4 Qe4 45. c4 Qb1+ 46. Rf1 Qxb4
47. a6 bxa6 48. Qc7+ Qe7 49. Qxe7+ Rxe7 50. Ra1 Re4 51. Rxa6 Rxd4 52. Rxc6 a5
53. Rc7+ Kh6 54. c5 Rc4 55. Kh2 g5 56. c6 gxh4 57. gxh4 Rxh4+ 58. Kg3 Rc4 0-1

[Event "Bad Woerishofen op"]
[Site "?"]
[Date "2003.??.??"]
[Round "7"]
[White "Wiest, Georg"]
[Black "Schaefer, Michael"]
[Result "1/2-1/2"]
[WhiteElo "2084"]
[BlackElo "2186"]
[Annotator "ChessOrg"]
[PlyCount "74"]

1. e4 c5 2. Nf3 d6 3. d3 Nc6 4. g3 g6 5. Bg2 Bg7 6. O-O Nf6 7. Nbd2 O-O 8. c3
Rb8 9. d4 cxd4 10. Nxd4 Bg4 11. f3 Bd7 12. N2b3 Qc7 13. Kh1 a6 14. Nxc6 bxc6
15. Qe2 a5 16. Be3 a4 17. Nc1 c5 18. Rb1 Be6 19. Qc2 Qa5 20. Rd1 Nd7 21. f4 f5
22. Bh3 a3 23. exf5 gxf5 24. Bd2 Rxb2 25. Rxb2 axb2 26. Qxb2 Nf6 27. c4 Qa8+
28. Bg2 Ne4 29. Qc2 Bd4 30. Nb3 Nf2+ 31. Kg1 Qa7 32. Rf1 Ne4+ 33. Kh1 Qa6 34.
Nxd4 cxd4 35. Bxe4 fxe4 36. Qxe4 Qxc4 37. Kg1 Qxa2 1/2-1/2

[Event "Bad Woerishofen op"]
[Site "?"]
[Date "2003.??.??"]
[Round "7"]
[White "Fischer, Manfred"]
[Black "Boettcher, Ulrich"]
[Result "1/2-1/2"]
[WhiteElo "2180"]
[BlackElo "2023"]
[Annotator "ChessOrg"]
[PlyCount "66"]

1. e4 c5 2. Nc3 Nc6 3. f4 d6 4. Nf3 g6 5. Bc4 Bg7 6. O-O e6 7. d3 Nge7 8. Qe1
Nd4 9. Nxd4 cxd4 10. Nd1 O-O 11. g4 Bd7 12. Rf3 d5 13. Bb3 a5 14. a4 dxe4 15.
dxe4 Nc6 16. Rh3 d3 17. Rxd3 Nd4 18. Qf2 Nxb3 19. cxb3 Qe7 20. Be3 Rfc8 21. Nc3
Bc6 22. Bc5 Qe8 23. Rad1 Bf8 24. Bb6 Be7 25. g5 Qf8 26. Kf1 h5 27. h4 Be8 28.
e5 Bc6 29. Ne2 Bd5 30. Nd4 Ra6 31. Nb5 Rxb6 32. Qxb6 Bc5 33. Qxa5 Bb4 1/2-1/2

[Event "Bad Woerishofen op"]
[Site "?"]
[Date "2003.??.??"]
[Round "7"]
[White "Emami, Madjid"]
[Black "Maahs, Erich"]
[Result "0-1"]
[WhiteElo "2018"]
[BlackElo "2180"]
[Annotator "ChessOrg"]
[PlyCount "81"]

1. g3 e5 2. Bg2 Nf6 3. d3 d5 4. c3 Bd6 5. e4 dxe4 6. dxe4 O-O 7. Qc2 b6 8. Nf3
Bb7 9. Nbd2 Nbd7 10. O-O a5 11. Nh4 Ba6 12. Re1 Nc5 13. Bf1 Re8 14. Bxa6 Rxa6
15. Nf1 Qa8 16. f3 Bf8 17. Nf5 b5 18. Bg5 h6 19. Be3 Ne6 20. Rad1 Kh7 21. Qg2
g6 22. Qh3 h5 23. Qh4 Nc5 24. Nd6 Rxd6 25. Rxd6 Bxd6 26. Qxf6 Re7 27. Rd1 Nd7
28. Qg5 Re6 29. g4 hxg4 30. Qxg4 Qc6 31. Qh4+ Kg8 32. Qd8+ Nf8 33. Qh4 Qc4 34.
a3 a4 35. Qf2 Re8 36. Ng3 Ne6 37. Nf5 gxf5 38. Qg3+ Kf8 39. exf5 Nf4 40. Rd2
Ke7 41. Qh4+ 0-1

[Event "Bad Woerishofen op"]
[Site "?"]
[Date "2003.??.??"]
[Round "7"]
[White "Roesner, Harald"]
[Black "Vossenkuhl, Joachim"]
[Result "1/2-1/2"]
[WhiteElo "2000"]
[BlackElo "2166"]
[Annotator "ChessOrg"]
[PlyCount "32"]

1. d4 e6 2. Nf3 f5 3. g3 Nf6 4. Bg2 d5 5. O-O Bd6 6. e3 O-O 7. Nbd2 b6 8. c4 c6
9. b3 Bb7 10. Bb2 Qc7 11. Ne5 a5 12. a3 Na6 13. Nd3 Rac8 14. Re1 Rfd8 15. Qe2
Nb8 16. Nf3 Nbd7 1/2-1/2

[Event "Bad Woerishofen op"]
[Site "?"]
[Date "2003.??.??"]
[Round "7"]
[White "Kugelmann, Werner"]
[Black "Heinicke, Wenke"]
[Result "1/2-1/2"]
[WhiteElo "2165"]
[BlackElo "2064"]
[Annotator "ChessOrg"]
[PlyCount "55"]

1. e4 g6 2. d4 Bg7 3. Nc3 d6 4. f4 Nf6 5. Nf3 O-O 6. Bd3 Na6 7. O-O c5 8. d5
Rb8 9. Qe1 Nb4 10. Qh4 Bg4 11. Be3 Bxf3 12. Rxf3 c4 13. a3 Nbxd5 14. exd5 cxd3
15. Bxa7 Ra8 16. Bd4 dxc2 17. Rc1 Qc7 18. Rxc2 Qc4 19. f5 Nxd5 20. f6 exf6 21.
Nxd5 Qxd5 22. Rcf2 f5 23. Bxg7 Kxg7 24. Rxf5 gxf5 25. Qg5+ Kh8 26. Qf6+ Kg8 27.
Qg5+ Kh8 28. Qf6+ 1/2-1/2

[Event "Bad Woerishofen op"]
[Site "?"]
[Date "2003.??.??"]
[Round "7"]
[White "Akstinat, Sven-Holger"]
[Black "Einwiller, Dieter"]
[Result "1-0"]
[WhiteElo "1987"]
[BlackElo "2153"]
[Annotator "ChessOrg"]
[PlyCount "95"]

1. e4 d5 2. exd5 Qxd5 3. Nf3 Bg4 4. Be2 Nf6 5. O-O e6 6. c4 Qd8 7. d4 c6 8. Nc3
Be7 9. h3 Bh5 10. Bf4 Bd6 11. Ne5 Bxe2 12. Qxe2 O-O 13. Rfd1 Qe7 14. Rd3 Ne8
15. Rg3 Nd7 16. Ne4 f6 17. Nxd6 Nxd6 18. Nxd7 Qxd7 19. Bxd6 Qxd6 20. Qg4 Rf7
21. Re1 Re8 22. Rge3 f5 23. Qd1 Rd7 24. Qe2 Rde7 25. Rd1 h6 26. Re5 g6 27. Rd3
Kg7 28. h4 a6 29. a3 b5 30. c5 Qd7 31. g4 Rf7 32. h5 g5 33. d5 cxd5 34. Rdxd5
Qc8 35. Rd6 fxg4 36. b4 Ref8 37. Rexe6 Kg8 38. Qe5 Rg7 39. Rg6 Rff7 40. Qd5 Qf5
41. Qxf5 Rxf5 42. Rxg7+ Kxg7 43. Rg6+ Kh7 44. Rxa6 Rf3 45. Ra7+ Kg8 46. c6 Rc3
47. c7 Kf8 48. Ra8+ 1-0

[Event "Bad Woerishofen op"]
[Site "?"]
[Date "2003.??.??"]
[Round "7"]
[White "Santl, Anton"]
[Black "Porubszki, Georg"]
[Result "1-0"]
[WhiteElo "2180"]
[BlackElo "2044"]
[Annotator "ChessOrg"]
[PlyCount "55"]

1. Nf3 d6 2. c4 g6 3. g3 Bg7 4. Bg2 c6 5. d4 Nf6 6. Nc3 O-O 7. O-O Bg4 8. h3
Bxf3 9. Bxf3 Nbd7 10. e4 a6 11. Be3 Re8 12. Rb1 e5 13. d5 cxd5 14. cxd5 b5 15.
g4 Nb6 16. b3 Nfd7 17. Qd2 Rc8 18. Rbc1 Qe7 19. Ne2 Qf8 20. Rc6 Rxc6 21. dxc6
Nc5 22. Rd1 Nc8 23. g5 Qe7 24. Nc3 Ne6 25. Nd5 Qd8 26. Bg4 Nd4 27. Bxd4 exd4
28. c7 1-0

[Event "Bad Woerishofen op"]
[Site "?"]
[Date "2003.??.??"]
[Round "7"]
[White "Kugelmann, Joachim"]
[Black "Koenig, Christian"]
[Result "1-0"]
[WhiteElo "1922"]
[BlackElo "2139"]
[Annotator "ChessOrg"]
[PlyCount "69"]

1. e4 c5 2. Nf3 e6 3. d4 cxd4 4. Nxd4 a6 5. c4 Nf6 6. Bd3 d6 7. O-O b6 8. Nc3
Bb7 9. Bg5 Be7 10. Qa4+ Qd7 11. Qc2 Qc7 12. Rad1 Nbd7 13. Kh1 Rc8 14. f3 Ne5
15. Nce2 O-O 16. b3 Rfd8 17. Qb2 h6 18. Be3 Nxd3 19. Rxd3 Nd7 20. Ng3 Bf8 21.
Qf2 g6 22. Rfd1 Qb8 23. Nge2 Ba8 24. Qh4 Kh7 25. Bg5 Re8 26. f4 Bxe4 27. Rh3
Qb7 28. Rg1 Bg7 29. Bxh6 Rh8 30. Nxe6 Kg8 31. Nxg7 Rh7 32. f5 Nf8 33. Re3 Bc6
34. Nf4 Rc7 35. Ne8 1-0

[Event "Bad Woerishofen op"]
[Site "?"]
[Date "2003.??.??"]
[Round "7"]
[White "Burkhardt, Wilfried"]
[Black "Baeuml, Ulrich"]
[Result "1/2-1/2"]
[WhiteElo "2062"]
[BlackElo "2176"]
[Annotator "ChessOrg"]
[PlyCount "110"]

1. d4 d5 2. Nf3 Nf6 3. c4 c6 4. e3 Bf5 5. Nc3 e6 6. cxd5 exd5 7. Bd3 Bxd3 8.
Qxd3 Bd6 9. O-O O-O 10. Bd2 Re8 11. Rab1 Nbd7 12. b4 Ne4 13. b5 Re6 14. bxc6
bxc6 15. Rfc1 g5 16. Qe2 g4 17. Ne5 Nxd2 18. Qxd2 Nxe5 19. dxe5 Bxe5 20. g3 Qg5
21. Qd1 h5 22. Ne2 h4 23. Nf4 Rh6 24. Qa4 hxg3 25. fxg3 d4 26. Rxc6 Rxc6 27.
Qxc6 Rd8 28. exd4 Bxf4 29. gxf4 Qxf4 30. Rd1 Rxd4 31. Qc8+ Kh7 32. Qc2+ f5 33.
Re1 Re4 34. Rxe4 fxe4 35. Qc8 Qe3+ 36. Kf1 Qd3+ 37. Kg2 Qe2+ 38. Kg1 a6 39.
Qf5+ Kg7 40. Qe5+ Kf7 41. Qf5+ Ke7 42. Qe5+ Kd7 43. Qd5+ Kc7 44. Qc5+ Kb7 45.
Qd5+ Kb6 46. Qd6+ Kb5 47. Qd5+ Kb4 48. Qd6+ Kc3 49. Qa3+ Kd2 50. Qb2+ Kd3 51.
Qb3+ Kd4 52. Qb6+ Ke5 53. Qc7+ Kd5 54. Qb7+ Kc5 55. Qe7+ Kb6 1/2-1/2

[Event "Bad Woerishofen op"]
[Site "?"]
[Date "2003.??.??"]
[Round "7"]
[White "Ross, Matthias"]
[Black "Magar, Johannes"]
[Result "1/2-1/2"]
[WhiteElo "1796"]
[BlackElo "2124"]
[Annotator "ChessOrg"]
[PlyCount "92"]

1. e4 c6 2. d4 d5 3. exd5 cxd5 4. Bd3 Nc6 5. c3 Nf6 6. Bf4 g6 7. Nf3 Bg7 8. h3
O-O 9. O-O Bf5 10. Re1 a6 11. Ne5 Qb6 12. Re2 Bxd3 13. Nxd3 Rfe8 14. Nd2 Rac8
15. Qb3 Qxb3 16. Nxb3 b6 17. Rae1 e6 18. Ne5 Nxe5 19. Bxe5 Nd7 20. Bxg7 Kxg7
21. f4 h5 22. Kf2 Nf6 23. Nd2 b5 24. Kf3 Rh8 25. g3 Nd7 26. Nb3 Rc7 27. a3 Ra7
28. Ke3 a5 29. Ra1 Rc8 30. Kd3 Kf6 31. Rf2 Ke7 32. Rc2 Kd6 33. Nd2 a4 34. Re1
Nb6 35. Ke3 Nc4+ 36. Nxc4+ bxc4 37. Kf3 Rb7 38. Ree2 Ke7 39. g4 hxg4+ 40. hxg4
Rh8 41. Rh2 Rbb8 42. Rce2 Kf6 43. g5+ Kg7 44. Kg4 Rh7 45. Rxh7+ Kxh7 46. Rg2
Rb7 1/2-1/2

[Event "Bad Woerishofen op"]
[Site "?"]
[Date "2003.??.??"]
[Round "7"]
[White "Werner, Clemens"]
[Black "Edel, Thomas"]
[Result "1-0"]
[WhiteElo "2334"]
[BlackElo "2052"]
[Annotator "ChessOrg"]
[PlyCount "111"]

1. e4 c5 2. Nf3 Nc6 3. c3 d6 4. d4 Nf6 5. Bd3 e5 6. dxe5 dxe5 7. O-O Be7 8. Qe2
O-O 9. Na3 h6 10. Nc4 Qc7 11. a4 Be6 12. Re1 Rad8 13. Be3 a6 14. Qf1 Rd7 15.
Ncd2 Ng4 16. Bc4 Nxe3 17. Rxe3 Nd8 18. Rd3 Rxd3 19. Qxd3 Bg5 20. Rd1 Bg4 21. h3
Be6 22. Nf1 Bxc4 23. Qxc4 Ne6 24. h4 Bf6 25. Ne3 Qc6 26. Nd5 b5 27. Qf1 Kh8 28.
g3 c4 29. axb5 axb5 30. Qe2 Nc5 31. Qe3 Nd3 32. b4 Ra8 33. Ne1 Nxe1 34. Qxe1
Bd8 35. Qe3 Ra2 36. Rd2 Ra1+ 37. Kg2 Qg6 38. Kh2 Bxh4 39. Qf3 Bg5 40. Re2 Qe6
41. Qf5 Qxf5 42. exf5 Rc1 43. Rxe5 Bd2 44. Re8+ Kh7 45. Rf8 Bxc3 46. Rxf7 Kg8
47. Rb7 Bd4 48. Nf4 Be5 49. Ng6 Bd6 50. Rxb5 Kf7 51. Rb6 Rd1 52. b5 c3 53. Rc6
Rd2 54. Kg2 c2 55. b6 c1=Q 56. Rxc1 1-0